Ancient Egypt : Art and Archaeology of the land of the Pharaohs /

Saved in:

Main Author: Angese, Giorgio (Author)

Other Authors: Re, Maurizio.

Format: Book

Language: English

Published: Vercelli : White Star. Poole. Chris Lloyd. distributor, c2001.

Subjects:

Tags: Add Tag

No Tags, Be the first to tag this record!

Call Number: DT56.9 .A4 2001

LEADER 00801nam a2200241Ia 4500
003 OSt
005 20260329135353.0
008 211223s2001 it abc 001 0 eng d
020 |a 8880956175 
040 |c ARCE Library 
050 4 |a DT56.9 .A4 2001 
100 1 |a Angese, Giorgio,   |e author 
245 1 0 |a Ancient Egypt :   |b Art and Archaeology of the land of the Pharaohs /   |c [Giorgio Agnese and Maurizio Re]. 
264 1 |a Vercelli :   |b White Star. Poole. Chris Lloyd. distributor,   |c c2001. 
300 |a 192 p. :   |b col. ill., Maps, ports. ;   |c cm. 
500 |a Includes index. 
651 0 |a Egypt   |x Civilization   |y to 332 BC. 
651 0 |a Egypt   |x History   |y to 640 AD. 
651 0 |a Egypt   |x Antiquities   |v Guidebooks. 
700 1 |a Re, Maurizio. 
901 |a reviewed 
942 |2 lcc  |c BK 
999 |c 41168  |d 41168